Welcome to the Holygrace Academy Library

Please use search bar below to get started

MATHS SCHOOL DICTIONARY (Record no. 271)

MARC details
000 -LEADER
fixed length control field 00354nam a22001457a 4500
020 ## - INTERNATIONAL STANDARD BOOK NUMBER
ISBN 978-81-8477-483-2
082 ## - DEWEY DECIMAL CLASSIFICATION NUMBER
Classification number 030
Item number BRO/M
245 ## - TITLE STATEMENT
Title MATHS SCHOOL DICTIONARY
Remainder of title MATHS BOOK
246 ## - VARYING FORM OF TITLE
Title proper/short title MATHS SCHOOL DICTIONARY
Remainder of title MATHS BOOK
250 ## - EDITION STATEMENT
Edition statement 2007
260 ## - PUBLICATION, DISTRIBUTION, ETC. (IMPRINT)
Place of publication DELHI
Name of publisher SCHOLASTIC INDIA
Year of publication 2007
300 ## - PHYSICAL DESCRIPTION
Number of Pages 310
520 ## - SUMMARY, ETC.
Summary, etc MATHS QUESTIONS
942 ## - ADDED ENTRY ELEMENTS (KOHA)
Koha item type Books
Holdings
Withdrawn status Lost status Collection code Home library Current library Shelving location Date acquired Source of acquisition Cost, normal purchase price Full call number Accession Number Koha item type
    Reference Main Library Main Library On Display 07/10/2015 Purchase 325.00 030 BRO/M 9700 Books
    Reference Main Library Main Library SHELF-5 B REFERENCE MATHS 25/09/2014 Purchase 275.00 030 BRO/M 09518 Books